Новые технологические процессы переработки нефти и газа за рубежом

Detalhes bibliográficos
Autor principal: Ганчикова А. Я. Анна Яковлевна
Idioma:russo
Publicado em: Москва, Гостоптехиздат, 1960
Assuntos:
Formato: Livro
KOHA link:https://koha.lib.tpu.ru/cgi-bin/koha/opac-detail.pl?biblionumber=92758

MARC

LEADER 00000nam0a2200000 4500
001 92758
005 20231031104831.0
035 |a (RuTPU)RU\TPU\book\99363 
090 |a 92758 
100 |a 20060317d1960 m y0rusy50 ca 
101 0 |a rus 
102 |a RU 
105 |a a z 001zy 
200 1 |a Новые технологические процессы переработки нефти и газа за рубежом  |f А. Я. Ганчикова 
210 |a Москва  |c Гостоптехиздат  |d 1960 
215 |a 91 с.  |c схемы 
320 |a Библиогр.: с. 88-89 
610 1 |a нефтепереработка 
610 1 |a иностранный опыт 
610 1 |a нефтяной газ 
610 1 |a переработка 
675 |a 665.5  |v 3 
700 1 |a Ганчикова  |b А. Я.  |g Анна Яковлевна 
801 1 |a RU  |b 63413507  |c 20060317  |g PSBO 
801 2 |a RU  |b 63413507  |c 20060321  |g PSBO 
942 |c BK